000 00282nam a2200109 4500
999 _c9767
_d9767
008 180717b ||||| |||| 00| 0 eng d
245 _aTax-sharing ordinance ok'd.
260 _aDavao City
_bSun Star Davao
_cc2016
300 _apage 3.
650 0 _928963
_aTaxation.
942 _2ddc
_cPER